Solvent-free Organic Synthesis /

Đã lưu trong:
Chi tiết về thư mục
Tác giả chính: Tanaka, Koichi (autor)
Định dạng: Sách
Ngôn ngữ:Tiếng Anh
Được phát hành: Weinheim, Alemania : Wiley-VCH, 2009, c2009
Phiên bản:2a edición
Những chủ đề:
Các nhãn: Thêm thẻ
Không có thẻ, Là người đầu tiên thẻ bản ghi này!

MARC

LEADER 00000nam^a2200000^a^4500
001 000414517
005 20250521000000.0
009 20260526144058.607
020 |a 978-3-527-32264-0 
037 |a Acervo ITESO - Biblioteca 
041 |a ING 
082 |a 547. 2  |b TAN 
100 |a Tanaka, Koichi  |e (autor) 
245 1 0 |a Solvent-free Organic Synthesis /  |c K. Tanaka ; pról. de Gerd Kaupp. 
250 |a 2a edición  |b revisada y aumentada 
264 4 |a Weinheim, Alemania :  |b Wiley-VCH,  |c 2009, c2009 
300 |a VIII, 457 p. :  |b tapa dura 
336 |a texto  |b txt  |2 rdacontenido 
337 |a sin mediación  |b n  |2 rdamedio 
338 |a volumen  |b nc  |2 rdasoporte 
586 |a Premio Nobel de Química 2002 
649 |a XX 
650 |a Síntesis de Compuestos Orgánicos -  |x Tema Principal 
650 |a Compuestos Orgánicos 
650 |a Reacciones Químicas 
650 |a Química Orgánica 
650 |a Química 
910 |a Fondo General 
920 |a Impresos - Libros 
930 |a Colección General 
905 |a 101 
901 |a 0500323954  |b IT1  |c ACC  |i C167783  |u 20250521 
902 |a https://opac.biblio.iteso.mx/vufind/Record/000414517